Inovačné centrum STU v Bratislave – transformácia vnútrobloku

Na minha lista:
Detalhes bibliográficos
Autor principal: Zelenčík, Jakub (Author)
Outros Autores: Majcher, Stanislav (Thesis advisor)
Formato: Manuscrito Livro
Idioma:eslovaco
Publicado em: Bratislava 2021
Assuntos:
Acesso em linha:http://is.stuba.sk/zp/portal_zp.pl?podrobnosti=157781
Tags: Adicionar Tag
Sem tags, seja o primeiro a adicionar uma tag!

MARC

LEADER 00000ntm a22000003a 4500
001 stuzp84011
003 SK-STU
005 20220215085644.0
007 ta
008 150427s2015----xo-----f-mn---000-0-slo-d
040 |a STU  |b slo 
041 0 |a slo 
100 1 |a Zelenčík, Jakub  |u 051110  |4 aut  |U FAD Fakulta architektúry a dizajnu  |T FAD Ústav architektúry obytných budov  |X 82397  |U A1110  |Y 392  |7 82397 
242 0 1 |a Center of Innovation STU in Bratislava - Transformation of the courtyard  |y eng 
245 1 0 |a Inovačné centrum STU v Bratislave – transformácia vnútrobloku 
260 |c 2021  |a Bratislava 
650 4 |a campus  |2 slo 
650 4 |a reprezentatívne centrum  |2 slo 
650 4 |a vedecké centrum  |2 slo 
650 4 |a vnútroblok  |2 slo 
650 4 |a campus  |2 eng 
650 4 |a representative centre  |2 eng 
650 4 |a science centre  |2 eng 
650 4 |a courtyard  |2 eng 
700 1 |a Majcher, Stanislav  |u 051110  |k Z1  |4 ths  |U FAD Fakulta architektúry a dizajnu  |T FAD Ústav architektúry obytných budov  |X 4410  |U A1110  |Y 392  |7 A000004410 
856 4 |u http://is.stuba.sk/zp/portal_zp.pl?podrobnosti=157781  |u https://opac.crzp.sk/?fn=detailBiblioForm&sid=0C216CD716E182230E2A04AAC853